000 00334nam a2200169Ia 4500
100 _aCasteel/Joan
650 _aOracle
942 _cBK
366 _f20
654 _aoracle
245 _aOracle 10g SQL
260 _bThomsan Learning
_c2007
082 _a005.133/CAS
_bCAS
300 _a617
546 _aENGLISH
999 _c25319
_d25319